[Event "SF Essen-Katernberg  3 - SV Erkenschwic"]
[Site "Verbandsliga - Gruppe 1 2021/"]
[Date "2022.05.01"]
[Round "8.5"]
[White "Schulze Bisping, Franz-Adolf"]
[Black "Sauer, Bernd"]
[Result "0-1"]
[WhiteElo "1905"]
[BlackElo "1953"]
[PlyCount "46"]
[EventDate "2022.??.??"]
[WhiteTeam "SV Erkenschwick 2"]
[BlackTeam "SF Essen-Katernberg  3"]

1. d4 f5 2. c4 Nf6 3. g3 g6 4. Bg2 Bg7 5. Nf3 d6 6. Nc3 O-O 7. O-O c6 8. d5 e5
9. dxe6 Bxe6 10. b3 Kh8 11. Ng5 Bg8 12. Bb2 Na6 13. Qd2 Qe7 14. Rad1 Rad8 15.
Rfe1 h6 16. Nf3 Nc5 17. Qc2 Nce4 18. Nd2 Nxf2 19. Kxf2 Ng4+ 20. Kg1 Qe3+ 21.
Kh1 Nf2+ 22. Kg1 Nh3+ 23. Kh1 Qg1+ 0-1

[Event "SF Essen-Katernberg  3 - SV Erkenschwic"]
[Site "Verbandsliga - Gruppe 1 2021/"]
[Date "2022.05.01"]
[Round "8.6"]
[White "Struck, Lasse"]
[Black "Strohmann, Marcel"]
[Result "1-0"]
[WhiteElo "1937"]
[BlackElo "1893"]
[PlyCount "71"]
[EventDate "2022.??.??"]
[WhiteTeam "SF Essen-Katernberg  3"]
[BlackTeam "SV Erkenschwick 2"]

1. d4 Nf6 2. c4 g6 3. Nc3 Bg7 4. e4 d6 5. Be2 O-O 6. Be3 e5 7. d5 Nfd7 8. g4 a5
9. h4 h6 10. Qd2 Kh7 11. O-O-O Na6 12. h5 g5 13. f3 Ndc5 14. Bd3 Bd7 15. Nge2
Rb8 16. Ng3 b6 17. Rdg1 Nb4 18. Bb1 Kg8 19. Nf5 Kh7 20. Rh2 Kg8 21. Rhg2 Kh7
22. Kd1 Bf6 23. Ke1 Qe8 24. Kf2 Na4 25. Ne2 Rb7 26. Neg3 Rg8 27. a3 Na6 28. b3
N4c5 29. Bc2 Qb8 30. b4 axb4 31. axb4 Na4 32. b5 N6c5 33. Ra1 Ra7 34. Ra2 Qa8
35. Rg1 Nb7 36. Rga1 1-0

[Event "SF Essen-Katernberg  3 - SV Erkenschwic"]
[Site "Verbandsliga - Gruppe 1 2021/"]
[Date "2022.05.01"]
[Round "8.7"]
[White "Al Marawi, Abdulhadi"]
[Black "Jahrke, Jonas"]
[Result "1-0"]
[WhiteElo "1826"]
[BlackElo "1821"]
[PlyCount "61"]
[EventDate "2022.??.??"]
[WhiteTeam "SV Erkenschwick 2"]
[BlackTeam "SF Essen-Katernberg  3"]

1. e4 c5 2. Nf3 a6 3. c3 d5 4. exd5 Qxd5 5. d4 e6 6. g3 cxd4 7. cxd4 Bb4+ 8.
Nc3 Bxc3+ 9. bxc3 Nf6 10. Bg2 Qc4 11. Qb3 Qxb3 12. axb3 Bd7 13. Ne5 Bc6 14.
Nxc6 Nxc6 15. Ba3 Kd7 16. O-O Rhc8 17. c4 Rab8 18. Rad1 Ne7 19. d5 Ke8 20. Bd6
Ra8 21. dxe6 fxe6 22. Bxb7 Ra7 23. Bxc8 Nxc8 24. Rfe1 Kf7 25. f3 a5 26. Ba3 a4
27. b4 Nb6 28. Rc1 Nfd7 29. Re4 Kf6 30. Rce1 e5 31. f4 1-0

[Event "SF Essen-Katernberg  3 - SV Erkenschwic"]
[Site "Verbandsliga - Gruppe 1 2021/"]
[Date "2022.05.01"]
[Round "8.8"]
[White "Gehrmann, Ulrich"]
[Black "Riechenberg, Maximilian"]
[Result "0-1"]
[WhiteElo "1886"]
[BlackElo "1549"]
[Annotator "daniel"]
[PlyCount "74"]
[EventDate "2022.??.??"]
[WhiteTeam "SF Essen-Katernberg  3"]
[BlackTeam "SV Erkenschwick 2"]

1. e4 e5 2. Nf3 Nc6 3. Nc3 Nf6 4. d4 exd4 5. Nxd4 Bb4 6. Nxc6 bxc6 7. Bd3 d5 8.
exd5 cxd5 9. O-O O-O 10. Bg5 Be6 11. Na4 Be7 12. Rc1 Qd6 13. Qf3 c5 14. c4 Rac8
15. b3 Rfd8 16. Rfe1 d4 $11 17. Nb2 Qd7 18. h3 h6 19. Bh4 Re8 20. Bb1 Nh7 21.
Bxe7 Rxe7 22. Nd3 Ng5 23. Qg3 Bf5 24. Rxe7 Qxe7 25. Re1 Qf6 26. Qe5 Qxe5 27.
Rxe5 Bxd3 28. Bxd3 Ne6 29. Bf5 Rc6 30. Bxe6 fxe6 31. Kf1 Kf7 32. Ke2 Kf6 33. f4
g6 34. Kd3 Ke7 35. g4 Kd6 36. h4 Ra6 37. h5 g5 {ZÃo} 0-1

[Event "SC Buer-Hassel 1 - SV Waltrop 1"]
[Site "Verbandsliga - Gruppe 1 2021/"]
[Date "2022.05.01"]
[Round "8.1"]
[White "Eckert, Marius"]
[Black "Griebl, Joern"]
[Result "1-0"]
[WhiteElo "2161"]
[BlackElo "2169"]
[PlyCount "33"]
[EventDate "2022.??.??"]
[WhiteTeam "SV Waltrop 1"]
[BlackTeam "SC Buer-Hassel 1"]

1. d4 Nf6 2. Bf4 c5 3. e3 g6 4. Nc3 Qa5 5. Qd2 Bg7 6. h4 O-O 7. Be2 cxd4 8.
exd4 Nd5 9. Nxd5 Qxd5 10. Nf3 b5 11. h5 Nc6 12. Bh6 gxh5 13. Bxg7 Kxg7 14. g4
d6 15. Rxh5 Qe4 16. Qh6+ Kg8 17. Rg5+ 1-0

[Event "SC Buer-Hassel 1 - SV Waltrop 1"]
[Site "Verbandsliga - Gruppe 1 2021/"]
[Date "2022.05.01"]
[Round "8.2"]
[White "Hammerich, Simon"]
[Black "Gasper, Joern"]
[Result "1-0"]
[WhiteElo "2075"]
[BlackElo "2084"]
[PlyCount "181"]
[EventDate "2022.??.??"]
[WhiteTeam "SC Buer-Hassel 1"]
[BlackTeam "SV Waltrop 1"]

1. d4 d5 2. c4 e6 3. Nc3 a6 4. cxd5 exd5 5. Bf4 Nf6 6. e3 c5 7. Nf3 Nc6 8. Be2
c4 9. Ne5 Bb4 10. Nxc6 bxc6 11. Qa4 Qb6 12. O-O O-O 13. Qc2 a5 14. Na4 Qd8 15.
b3 cxb3 16. axb3 Ba6 17. Rfc1 Bb5 18. Bf3 Re8 19. h3 Ne4 20. Bxe4 Rxe4 21. Nb2
Re6 22. Nd3 Bf8 23. Be5 Qb6 24. Nf4 Ree8 25. Nh5 Qd8 26. Qf5 Re6 27. Qf4 a4 28.
bxa4 Rxa4 29. Rxa4 Bxa4 30. Ra1 Bc2 31. Ra7 Bg6 32. Qg4 Bxh5 33. Qxh5 Qe8 34.
Bg3 Bd6 35. Bxd6 Rxd6 36. Qd1 Rd8 37. Qa4 Rc8 38. Qb4 h6 39. Qb7 Kf8 40. g3 Rb8
41. Qc7 Kg8 42. Qf4 Ra8 43. Rb7 Rc8 44. Kh2 Ra8 45. g4 Rc8 46. Kg3 Qe6 47. h4
Rd8 48. h5 Rf8 49. Qc7 Kh7 50. Qe5 Qxe5+ 51. dxe5 f6 52. e6 Re8 53. e7 Kg8 54.
Rc7 Kf7 55. Rxc6 Rxe7 56. Rd6 Re5 57. Rd7+ Kf8 58. Kf3 Rg5 59. Kf4 Re5 60. Kg3
Kg8 61. Ra7 Kf8 62. Kf3 Re6 63. Rd7 Re5 64. Ke2 Rg5 65. f3 Ke8 66. Ra7 Kf8 67.
Ra5 Ke7 68. Kf2 Ke6 69. Ra7 f5 70. Ra6+ Ke7 71. Kg3 fxg4 72. fxg4 Re5 73. Kf3
Re6 74. Ra7+ Kf6 75. Rd7 Re5 76. Rd6+ Re6 77. Rxd5 g6 78. hxg6 Kxg6 79. Kf4 Kf6
80. e4 Ra6 81. e5+ Kf7 82. Kf5 Ra4 83. Rd7+ Kg8 84. e6 Ra5+ 85. Kf6 Ra6 86.
Rd8+ Kh7 87. Kf7 Ra4 88. e7 Rxg4 89. e8=Q Rf4+ 90. Ke6 Re4+ 91. Kf5 1-0

[Event "SC Buer-Hassel 1 - SV Waltrop 1"]
[Site "Verbandsliga - Gruppe 1 2021/"]
[Date "2022.05.01"]
[Round "8.3"]
[White "Atali, Dogukan"]
[Black "Wolff, Christoph"]
[Result "1/2-1/2"]
[WhiteElo "1921"]
[BlackElo "1978"]
[PlyCount "38"]
[EventDate "2022.??.??"]
[WhiteTeam "SV Waltrop 1"]
[BlackTeam "SC Buer-Hassel 1"]

1. e4 c5 2. Nf3 d6 3. Bb5+ Nd7 4. O-O a6 5. Bd3 Ngf6 6. Re1 e6 7. c3 Qc7 8. Bc2
c4 9. a4 b6 10. b3 cxb3 11. Bxb3 Bb7 12. Bc2 Nc5 13. d3 Be7 14. Nbd2 O-O 15. d4
Ncd7 16. Bb2 Rfe8 17. Nf1 d5 18. e5 Ne4 19. Qd3 Nf8 1/2-1/2

[Event "SC Buer-Hassel 1 - SV Waltrop 1"]
[Site "Verbandsliga - Gruppe 1 2021/"]
[Date "2022.05.01"]
[Round "8.4"]
[White "Wiechen, Ulrich"]
[Black "Winterberg, Andreas"]
[Result "1/2-1/2"]
[WhiteElo "1934"]
[BlackElo "1978"]
[PlyCount "70"]
[EventDate "2022.??.??"]
[WhiteTeam "SC Buer-Hassel 1"]
[BlackTeam "SV Waltrop 1"]

1. e4 e5 2. Nf3 Nc6 3. Bc4 Bc5 4. O-O Nf6 5. d4 Bxd4 6. Nxd4 Nxd4 7. f4 d6 8.
fxe5 dxe5 9. Bg5 Qe7 10. c3 Ne6 11. Bxe6 Bxe6 12. b4 Qd7 13. Qe2 O-O-O 14. Bxf6
gxf6 15. Na3 Qd2 16. Qf3 Rd3 17. Rfd1 Rxf3 18. Rxd2 Rxc3 19. Nc2 f5 20. exf5
Bxf5 21. Ne1 Rd8 22. Re2 e4 23. g3 Rd4 24. Nc2 Rdc4 25. Ne3 Rxe3 26. Rxe3 Rxb4
27. Rc3 Rb2 28. Rf1 Bh3 29. Rfc1 c6 30. a3 Rg2+ 31. Kh1 Ra2 32. Kg1 Bg4 33.
R1c2 Ra1+ 34. Kf2 Bf3 35. Ke3 Kd7 1/2-1/2

[Event "SC Buer-Hassel 1 - SV Waltrop 1"]
[Site "Verbandsliga - Gruppe 1 2021/"]
[Date "2022.05.01"]
[Round "8.5"]
[White "Drewes, Martin"]
[Black "Winzbeck, Frank"]
[Result "1/2-1/2"]
[WhiteElo "1954"]
[BlackElo "1870"]
[PlyCount "128"]
[EventDate "2022.??.??"]
[WhiteTeam "SV Waltrop 1"]
[BlackTeam "SC Buer-Hassel 1"]

1. e4 c5 2. c3 d5 3. exd5 Qxd5 4. d4 Nc6 5. Nf3 Bg4 6. Be2 e6 7. O-O Nf6 8. Na3
Be7 9. Be3 cxd4 10. Nb5 Rc8 11. Nbxd4 a6 12. Qa4 O-O 13. Rfe1 Nxd4 14. Bxd4 Bh5
15. Rad1 Qc6 16. Qxc6 Rxc6 17. Ne5 Rd6 18. g4 Bg6 19. Nxg6 hxg6 20. a4 Rc8 21.
Bf3 b5 22. axb5 axb5 23. Be2 Rb8 24. Ra1 Rd5 25. Bf3 Rdd8 26. h3 Nd5 27. Be5
Bd6 28. Bxd5 Bxe5 29. Bxe6 Bxc3 30. Bxf7+ Kxf7 31. bxc3 Rd7 32. Rab1 Rc7 33.
Re3 g5 34. Rb4 Rc5 35. Rbe4 Rbc8 36. Re7+ Kf8 37. R7e5 Rxe5 38. Rxe5 Rxc3 39.
Rxb5 Rxh3 40. Rxg5 Ra3 41. Rh5 Kg8 42. Kg2 g6 43. Rb5 Kg7 44. g5 Ra7 45. Kg3
Rc7 46. f3 Ra7 47. Rd5 Rc7 48. Kf4 Re7 49. Rb5 Kf7 50. Rb6 Kg7 51. Ra6 Kf7 52.
Ra5 Kg7 53. Re5 Ra7 54. Ke4 Kf7 55. f4 Ra4+ 56. Kf3 Ra3+ 57. Kg4 Ra1 58. Rb5
Ra7 59. Rb6 Rc7 60. Rd6 Ra7 61. Kf3 Re7 62. f5 gxf5 63. Rf6+ Kg7 64. Rxf5 Re1
1/2-1/2

[Event "SC Buer-Hassel 1 - SV Waltrop 1"]
[Site "Verbandsliga - Gruppe 1 2021/"]
[Date "2022.05.01"]
[Round "8.6"]
[White "Gritzan, Ulrich"]
[Black "Breidenbach, Rolf"]
[Result "1-0"]
[WhiteElo "1851"]
[BlackElo "1937"]
[PlyCount "47"]
[EventDate "2022.??.??"]
[WhiteTeam "SC Buer-Hassel 1"]
[BlackTeam "SV Waltrop 1"]

1. c4 c6 2. Nf3 d5 3. d4 Bf5 4. Nc3 e6 5. Bf4 Bd6 6. Bxd6 Qxd6 7. Qb3 Qe7 8. g3
Nf6 9. Bg2 O-O 10. O-O Na6 11. Rfe1 Qb4 12. Nd2 Qxb3 13. axb3 Nb4 14. Ra4 Na6
15. Rea1 Rfd8 16. c5 Nd7 17. e4 dxe4 18. Ncxe4 Bxe4 19. Nxe4 e5 20. Nd6 exd4
21. Nxb7 Naxc5 22. Nxd8 Rxd8 23. Rxa7 Nxb3 24. Rxd7 1-0

[Event "SC Buer-Hassel 1 - SV Waltrop 1"]
[Site "Verbandsliga - Gruppe 1 2021/"]
[Date "2022.05.01"]
[Round "8.7"]
[White "Schmidt, Sebastian"]
[Black "Semina, Svetlana"]
[Result "1/2-1/2"]
[WhiteElo "1768"]
[BlackElo "2103"]
[PlyCount "108"]
[EventDate "2022.??.??"]
[WhiteTeam "SV Waltrop 1"]
[BlackTeam "SC Buer-Hassel 1"]

1. e4 e5 2. Nf3 Nc6 3. Nc3 d6 4. h3 g6 5. d4 exd4 6. Nxd4 Bd7 7. Nd5 Bg7 8.
Nxc7+ Qxc7 9. Nb5 Qa5+ 10. Bd2 Qd8 11. Nxd6+ Kf8 12. Nxb7 Qb6 13. Nd6 Qxb2 14.
Rb1 Qe5 15. Bc4 Nge7 16. Qf3 f5 17. Qa3 Be6 18. f4 Qf6 19. e5 Nxe5 20. fxe5
Qxe5+ 21. Qe3 Qxe3+ 22. Bxe3 Bxc4 23. Nxc4 Bc3+ 24. Kf2 Kf7 25. Rb7 Rhb8 26.
Rhb1 Rxb7 27. Rxb7 a5 28. Bg5 Bb4 29. Kf3 Ke6 30. c3 Bc5 31. Rc7 Rc8 32. Rxc8
Nxc8 33. Nxa5 Nd6 34. Nb3 Bb6 35. Be3 Bd8 36. a4 Nc4 37. Bd4 Kd5 38. Kf4 h6 39.
Bc5 Bc7+ 40. Kf3 g5 41. Bf8 h5 42. Be7 g4+ 43. hxg4 hxg4+ 44. Ke2 f4 45. Bh4
Ke4 46. Nc5+ Kd5 47. Nd3 Ne3 48. Ne1 Kc4 49. Bf6 Nd5 50. Bg7 Nxc3+ 51. Bxc3
Kxc3 52. Nd3 f3+ 53. gxf3 gxf3+ 54. Kxf3 Kxd3 1/2-1/2

[Event "SC Buer-Hassel 1 - SV Waltrop 1"]
[Site "Verbandsliga - Gruppe 1 2021/"]
[Date "2022.05.01"]
[Round "8.8"]
[White "Lazarev, Vadim"]
[Black "Sehrbrock, Christoph"]
[Result "0-1"]
[WhiteElo "1814"]
[BlackElo "1832"]
[PlyCount "78"]
[EventDate "2022.??.??"]
[WhiteTeam "SC Buer-Hassel 1"]
[BlackTeam "SV Waltrop 1"]

1. e4 d5 2. exd5 Qxd5 3. Nc3 Qa5 4. d4 Nf6 5. Bc4 c6 6. Nf3 Bf5 7. O-O e6 8.
Bd2 Qc7 9. Ne2 Bd6 10. Ng3 Bg4 11. h3 Bxf3 12. Qxf3 Nbd7 13. Rfe1 O-O 14. Ne4
Nxe4 15. Rxe4 Nf6 16. Rh4 Be7 17. Bd3 g6 18. Bf4 Qa5 19. Be5 Nd7 20. Re4 Nxe5
21. Rxe5 Qb6 22. b3 Qxd4 23. Rae1 Bd6 24. R5e4 Qc3 25. g3 Rfd8 26. Kg2 Bf8 27.
h4 Rd5 28. R1e2 Rad8 29. a4 Rd4 30. h5 Rxe4 31. Rxe4 Rd4 32. hxg6 hxg6 33. Re2
Rd5 34. Qg4 Qf6 35. Re3 Rh5 36. Re1 Bc5 37. f4 Qh8 38. Bxg6 Rh2+ 39. Kf3 Rf2+
0-1

[Event "SV Günnigfeld 1 - Weiße Dame Borbeck 1"]
[Site "Verbandsliga - Gruppe 2 2021/"]
[Date "2022.05.01"]
[Round "8.1"]
[White "Loyen, Egbert"]
[Black "Freisen, Thomas"]
[Result "1-0"]
[WhiteElo "2175"]
[BlackElo "1957"]
[PlyCount "105"]
[EventDate "2022.??.??"]
[WhiteTeam "Weiße Dame Borbeck 1"]
[BlackTeam "SV Günnigfeld 1"]

1. Nf3 c5 2. e4 d6 3. d4 cxd4 4. Nxd4 Nf6 5. f3 e5 6. Nb3 d5 7. Bg5 Be6 8. Bxf6
gxf6 9. exd5 Qxd5 10. Qxd5 Bxd5 11. Nc3 Bb4 12. O-O-O Bxb3 13. axb3 Bxc3 14.
bxc3 Ke7 15. Bd3 Nd7 16. Rhe1 Rhg8 17. g3 Rg5 18. Be4 Nc5 19. f4 Rh5 20. Bf3
Rxh2 21. fxe5 Rf2 22. exf6+ Kxf6 23. Rf1 Rxf1 24. Rxf1 Ke7 25. b4 Nd7 26. Bxb7
Rg8 27. Rf3 Ne5 28. Re3 f6 29. Be4 h6 30. Bd3 Rb8 31. Kb2 Kd6 32. Kb3 Rg8 33.
Be2 Kd5 34. Bf1 Rg4 35. Bh3 Rg7 36. Bg2+ Kd6 37. c4 Rg4 38. c5+ Kc7 39. Bh3 Rg8
40. c4 Rd8 41. Bf5 Rd4 42. Be6 Rd3+ 43. Rxd3 Nxd3 44. Kc3 Ne5 45. b5 Nf3 46.
Bd5 Ne5 47. Kd4 Nd7 48. Bg2 Ne5 49. Kd5 Nd3 50. Bf1 Nf2 51. c6 f5 52. Ke5 Nh1
53. Kf4 1-0

[Event "SV Günnigfeld 1 - Weiße Dame Borbeck 1"]
[Site "Verbandsliga - Gruppe 2 2021/"]
[Date "2022.05.01"]
[Round "8.3"]
[White "Klasmeier, Jens"]
[Black "Jaennekes, Oliver"]
[Result "1-0"]
[WhiteElo "2047"]
[BlackElo "1939"]
[PlyCount "47"]
[EventDate "2022.??.??"]
[WhiteTeam "Weiße Dame Borbeck 1"]
[BlackTeam "SV Günnigfeld 1"]

1. e4 c5 2. b3 Nc6 3. Bb2 d6 4. Bb5 Bd7 5. f4 e6 6. Nf3 Nge7 7. O-O a6 8. Bxc6
Bxc6 9. d3 Qc7 10. Nbd2 b5 11. Qe2 f6 12. d4 O-O-O 13. a4 Ng6 14. axb5 axb5 15.
Qe3 e5 16. fxe5 dxe5 17. dxc5 h5 18. b4 h4 19. h3 Nf4 20. c4 g5 21. Ra3 Qd7 22.
cxb5 Bxb5 23. Ra8+ Kb7 24. c6+ 1-0

[Event "SV Günnigfeld 1 - Weiße Dame Borbeck 1"]
[Site "Verbandsliga - Gruppe 2 2021/"]
[Date "2022.05.01"]
[Round "8.4"]
[White "Markus, Peter"]
[Black "Korste, Sebastian"]
[Result "1/2-1/2"]
[WhiteElo "1845"]
[BlackElo "2006"]
[PlyCount "37"]
[EventDate "2022.??.??"]
[WhiteTeam "SV Günnigfeld 1"]
[BlackTeam "Weiße Dame Borbeck 1"]

1. e4 e6 2. f4 d5 3. e5 c5 4. c3 Ne7 5. Bd3 Nbc6 6. Nf3 Nf5 7. Na3 a6 8. O-O h5
9. Nc2 b5 10. Bxf5 exf5 11. d4 c4 12. Ne3 Be6 13. Ng5 Be7 14. Nxe6 fxe6 15. b3
cxb3 16. axb3 Qb6 17. Bb2 Rc8 18. Kh1 g6 19. Rf2 1/2-1/2

[Event "SV Günnigfeld 1 - Weiße Dame Borbeck 1"]
[Site "Verbandsliga - Gruppe 2 2021/"]
[Date "2022.05.01"]
[Round "8.5"]
[White "Kindermann, Carsten"]
[Black "Radi, Guenter"]
[Result "0-1"]
[WhiteElo "1884"]
[BlackElo "1857"]
[PlyCount "74"]
[EventDate "2022.??.??"]
[WhiteTeam "Weiße Dame Borbeck 1"]
[BlackTeam "SV Günnigfeld 1"]

1. e4 e6 2. d4 d5 3. Nc3 Nf6 4. Bg5 Be7 5. e5 Nfd7 6. Bxe7 Qxe7 7. f4 c5 8. Nb5
Kd8 9. Nf3 Nc6 10. c3 cxd4 11. cxd4 Qb4+ 12. Qd2 Qxd2+ 13. Kxd2 h6 14. Rc1 a6
15. Nd6 Ke7 16. Ke3 Rf8 17. g3 Rb8 18. Bh3 Nb6 19. b3 Bd7 20. f5 Nc8 21. fxe6
fxe6 22. Nh4 Be8 23. Nxc8+ Rxc8 24. Rhf1 Rxf1 25. Bxf1 g5 26. Nf3 Bh5 27. Nd2
Kd7 28. a3 Nxe5 29. Rxc8 Ng4+ 30. Kd3 Kxc8 31. b4 Bg6+ 32. Kc3 Nxh2 33. Be2 Bf5
34. b5 axb5 35. Kb4 Kc7 36. Kxb5 Ng4 37. Nf3 Ne3 0-1

[Event "SV Günnigfeld 1 - Weiße Dame Borbeck 1"]
[Site "Verbandsliga - Gruppe 2 2021/"]
[Date "2022.05.01"]
[Round "8.6"]
[White "Funke, Eckhard"]
[Black "Klasmeier, Hartmut"]
[Result "0-1"]
[WhiteElo "1878"]
[BlackElo "1875"]
[PlyCount "116"]
[EventDate "2022.??.??"]
[WhiteTeam "SV Günnigfeld 1"]
[BlackTeam "Weiße Dame Borbeck 1"]

1. d4 e6 2. c4 Nf6 3. Nc3 d5 4. cxd5 exd5 5. Bg5 Be7 6. e3 c6 7. Qc2 Be6 8. Bd3
Nbd7 9. Nf3 h6 10. Bh4 Rc8 11. O-O O-O 12. a3 c5 13. dxc5 Nxc5 14. Bxf6 Bxf6
15. Nd4 Bd7 16. Bf5 Ne6 17. Bxe6 fxe6 18. Qg6 Qb6 19. Rab1 Bxd4 20. exd4 Qxd4
21. Qg3 Qf4 22. Qxf4 Rxf4 23. Rfe1 Kf7 24. Rbd1 a6 25. Rd2 Rfc4 26. f3 R8c7 27.
Kf2 b5 28. Ne2 Rc2 29. Ke3 Rxd2 30. Kxd2 e5 31. Rc1 Rxc1 32. Nxc1 Ke7 33. Nd3
Kd6 34. b4 g5 35. Nc5 Bc8 36. Ke3 a5 37. Nb3 axb4 38. axb4 Bf5 39. Nc5 d4+ 40.
Kd2 Kd5 41. Nb7 h5 42. h3 g4 43. hxg4 hxg4 44. Nc5 gxf3 45. gxf3 Kc4 46. Na6
Bg6 47. Nc5 Bf5 48. Na6 Bb1 49. Kc1 Bd3 50. Kd2 Bf1 51. Nc5 Kd5 52. Ke1 Bg2 53.
Kf2 Bh3 54. Ke2 Kc4 55. Kd2 Bg2 56. Nd3 Kd5 57. Ke2 Bxf3+ 58. Kd2 e4 0-1

[Event "SV Günnigfeld 1 - Weiße Dame Borbeck 1"]
[Site "Verbandsliga - Gruppe 2 2021/"]
[Date "2022.05.01"]
[Round "8.7"]
[White "Dewenter, Ulf"]
[Black "Bender, Markus"]
[Result "1/2-1/2"]
[WhiteElo "2080"]
[BlackElo "1820"]
[PlyCount "102"]
[EventDate "2022.??.??"]
[WhiteTeam "Weiße Dame Borbeck 1"]
[BlackTeam "SV Günnigfeld 1"]

1. f4 d5 2. Nf3 g6 3. g3 Bg7 4. Bg2 h5 5. d3 c6 6. c3 Nf6 7. Qc2 Nbd7 8. h3 Qc7
9. O-O h4 10. g4 e5 11. fxe5 Nxe5 12. Nxe5 Qxe5 13. Bf4 Qe6 14. Bf3 g5 15. Bh2
d4 16. c4 Nd7 17. Nd2 Be5 18. Bxe5 Nxe5 19. Bg2 Nxg4 20. hxg4 Qe3+ 21. Kh1 Bxg4
22. Nf3 Ke7 23. Qd2 Qxd2 24. Nxd2 f5 25. Rae1 Kf6 26. Nb3 Rad8 27. Bf3 Bh3 28.
Bg2 Bxg2+ 29. Kxg2 Rhe8 30. Rf3 f4 31. Nc5 b6 32. Ne4+ Kf5 33. Ref1 Re5 34. b4
Rd7 35. a4 Rxe4 36. dxe4+ Kxe4 37. b5 c5 38. a5 Re7 39. axb6 axb6 40. Ra3 g4
41. Ra8 h3+ 42. Kh2 Rf7 43. Re8+ Kf5 44. Ra1 Rh7 45. Rf8+ Kg5 46. Rg8+ Kh4 47.
Rf1 g3+ 48. Kg1 Rf7 49. Rh8+ Kg4 50. Rg8+ Kh4 51. Rh8+ Kg4 1/2-1/2

[Event "SV Günnigfeld 1 - Weiße Dame Borbeck 1"]
[Site "Verbandsliga - Gruppe 2 2021/"]
[Date "2022.05.01"]
[Round "8.8"]
[White "Bauer, Matthias"]
[Black "Braun, Joshua"]
[Result "1-0"]
[WhiteElo "1696"]
[BlackElo "1747"]
[PlyCount "117"]
[EventDate "2022.??.??"]
[WhiteTeam "SV Günnigfeld 1"]
[BlackTeam "Weiße Dame Borbeck 1"]

1. Nf3 d5 2. d4 Nf6 3. e3 e6 4. c3 Be7 5. Bd3 O-O 6. Nbd2 Nbd7 7. O-O c5 8. Re1
Qc7 9. Bc2 b6 10. Qe2 Bb7 11. dxc5 Nxc5 12. Nf1 Ba6 13. Qd1 Rad8 14. Nd4 g6 15.
Ng3 Nce4 16. Bd3 Bxd3 17. Qxd3 Nd6 18. Nb5 Nxb5 19. Qxb5 Bd6 20. Qe2 h5 21. e4
dxe4 22. Bg5 Be7 23. Nxe4 Ng4 24. g3 Bxg5 25. Nxg5 Rd5 26. Nf3 Rfd8 27. Rad1
Qd6 28. Rxd5 Qxd5 29. h3 Nf6 30. c4 Qf5 31. Kg2 Qa5 32. Qe5 Qxe5 33. Rxe5 Nd7
34. Re2 Nc5 35. Rd2 Rxd2 36. Nxd2 Nd3 37. b3 Kf8 38. Kf1 Ke7 39. a3 Kd6 40. Ke2
Nc5 41. Ke3 a5 42. Ne4+ Nxe4 43. Kxe4 Kc5 44. Kd3 f5 45. f4 h4 46. gxh4 Kc6 47.
Kd4 Kd6 48. b4 a4 49. c5+ bxc5+ 50. bxc5+ Kc6 51. Ke5 Kxc5 52. Kxe6 Kc4 53. Kf6
Kb3 54. Kxg6 Kxa3 55. h5 Kb3 56. h6 a3 57. h7 a2 58. h8=Q Kc2 59. Qa1 1-0

[Event "Hammer SC 1 - SC Hansa Dortmund 2"]
[Site "Verbandsliga - Gruppe 2 2021/"]
[Date "2022.05.01"]
[Round "8.1"]
[White "Zelt, Jens"]
[Black "Spyrou, Emmanouil"]
[Result "1/2-1/2"]
[WhiteElo "1994"]
[BlackElo "2147"]
[PlyCount "22"]
[EventDate "2022.??.??"]
[WhiteTeam "SC Hansa Dortmund 2"]
[BlackTeam "Hammer SC 1"]

1. d4 d5 2. Nf3 Nf6 3. Bf4 c6 4. c3 Bf5 5. Nbd2 Nbd7 6. e3 e6 7. h3 h6 8. Be2
Be7 9. O-O O-O 10. Qb3 Qb6 11. Rfc1 Rfc8 1/2-1/2

[Event "Hammer SC 1 - SC Hansa Dortmund 2"]
[Site "Verbandsliga - Gruppe 2 2021/"]
[Date "2022.05.01"]
[Round "8.4"]
[White "Woertler, Lars-Erik"]
[Black "Lin, Yi"]
[Result "1/2-1/2"]
[WhiteElo "1939"]
[BlackElo "1823"]
[PlyCount "20"]
[EventDate "2022.??.??"]
[WhiteTeam "Hammer SC 1"]
[BlackTeam "SC Hansa Dortmund 2"]

1. c4 d6 2. g3 Nf6 3. Bg2 Nbd7 4. Nf3 e5 5. Nc3 Be7 6. O-O O-O 7. d3 c6 8. e4
Qc7 9. h3 h6 10. Be3 a6 1/2-1/2

[Event "Hammer SC 1 - SC Hansa Dortmund 2"]
[Site "Verbandsliga - Gruppe 2 2021/"]
[Date "2022.05.01"]
[Round "8.6"]
[White "Fluegel, Thomas"]
[Black "Werner, Patrick"]
[Result "1/2-1/2"]
[WhiteElo "1798"]
[BlackElo "1765"]
[PlyCount "23"]
[EventDate "2022.??.??"]
[WhiteTeam "Hammer SC 1"]
[BlackTeam "SC Hansa Dortmund 2"]

1. e4 c5 2. Nf3 Nc6 3. d4 cxd4 4. Nxd4 a6 5. Be2 d6 6. Be3 e5 7. Nb3 Be6 8. Nc3
Nf6 9. O-O Be7 10. Kh1 O-O 11. f4 b5 12. Bf3 1/2-1/2

[Event "Hammer SC 1 - SC Hansa Dortmund 2"]
[Site "Verbandsliga - Gruppe 2 2021/"]
[Date "2022.05.01"]
[Round "8.8"]
[White "Vierbuchen, Joachim"]
[Black "Majdpour, Pouya"]
[Result "1/2-1/2"]
[WhiteElo "1852"]
[BlackElo "1770"]
[PlyCount "21"]
[EventDate "2022.??.??"]
[WhiteTeam "Hammer SC 1"]
[BlackTeam "SC Hansa Dortmund 2"]

1. d4 d5 2. c4 c6 3. Nf3 Nf6 4. Nc3 e6 5. Bg5 Nbd7 6. e3 Qa5 7. Nd2 Bb4 8. Qc2
O-O 9. Be2 dxc4 10. Bxf6 Nxf6 11. Bxc4 1/2-1/2

[Event "SV Bottrop 1 - SV Unser Fritz 1"]
[Site "Verbandsliga - Gruppe 2 2021/"]
[Date "2022.05.01"]
[Round "8.1"]
[White "Nowicki, Heiko"]
[Black "Stadtmann, Jens"]
[Result "0-1"]
[WhiteElo "1787"]
[BlackElo "2171"]
[PlyCount "54"]
[EventDate "2022.??.??"]
[WhiteTeam "SV Unser Fritz 1"]
[BlackTeam "SV Bottrop 1"]

1. e4 e6 2. d3 d5 3. Nd2 c5 4. Ngf3 Nc6 5. g3 Nf6 6. Bg2 Be7 7. O-O Qc7 8. Re1
dxe4 9. dxe4 e5 10. Nc4 Be6 11. Nfd2 O-O 12. Ne3 Rfd8 13. c3 Rd7 14. Qe2 Rad8
15. Nf5 Bf8 16. Nf3 h6 17. N3h4 Ne7 18. Nxe7+ Bxe7 19. Nf5 Bf8 20. Be3 b6 21.
Qf3 Nh7 22. h4 Kh8 23. g4 f6 24. Qh3 c4 25. Qg3 Bc5 26. Bf3 Bxe3 27. Nxe3 Rd2
0-1

[Event "SV Bottrop 1 - SV Unser Fritz 1"]
[Site "Verbandsliga - Gruppe 2 2021/"]
[Date "2022.05.01"]
[Round "8.2"]
[White "Mohrholz, Uwe"]
[Black "Rutz, Dirk"]
[Result "1/2-1/2"]
[WhiteElo "1993"]
[BlackElo "2003"]
[PlyCount "67"]
[EventDate "2022.??.??"]
[WhiteTeam "SV Bottrop 1"]
[BlackTeam "SV Unser Fritz 1"]

1. Nf3 d6 2. e4 Nf6 3. Nc3 g6 4. d4 Bg7 5. Be3 O-O 6. Be2 a5 7. Qd2 Ng4 8. Bg5
h6 9. Bh4 c6 10. Nd1 Na6 11. Ne3 Nxe3 12. fxe3 Qb6 13. c3 Qc7 14. a4 d5 15.
exd5 cxd5 16. Bg3 Qb6 17. Bd3 Nc7 18. O-O Ne8 19. e4 dxe4 20. Bxe4 Nd6 21. Bd3
Bf5 22. Bxd6 Qxd6 23. Bxf5 gxf5 24. Rae1 Rfe8 25. Ne5 e6 26. Qe2 Bxe5 27. Qxe5
Qxe5 28. Rxe5 b6 29. Rb5 Rab8 30. Rf3 Rec8 31. Kf2 Rc4 32. b3 Rc6 33. Ke2 Rbc8
34. Kd2 1/2-1/2

[Event "SV Bottrop 1 - SV Unser Fritz 1"]
[Site "Verbandsliga - Gruppe 2 2021/"]
[Date "2022.05.01"]
[Round "8.3"]
[White "Jungbluth, Michael"]
[Black "Masberg, Stefan"]
[Result "0-1"]
[WhiteElo "2003"]
[BlackElo "1917"]
[PlyCount "108"]
[EventDate "2022.??.??"]
[WhiteTeam "SV Unser Fritz 1"]
[BlackTeam "SV Bottrop 1"]

1. d4 Nf6 2. Nf3 e6 3. g3 Be7 4. Bg2 O-O 5. O-O d5 6. c4 dxc4 7. Ne5 Nbd7 8.
Nxc4 Rb8 9. Nc3 Nb6 10. Nxb6 axb6 11. e4 c6 12. Be3 b5 13. Qe2 b4 14. Na4 Ra8
15. b3 Nd7 16. Rac1 Qa5 17. Rc2 b6 18. Rfc1 Ba6 19. Qe1 Bb5 20. e5 Bxa4 21.
bxa4 Nb8 22. Bxc6 Nxc6 23. Rxc6 Qxa4 24. Rxb6 Qxa2 25. Rb7 Rfb8 26. Rxe7 b3 27.
Rcc7 b2 28. Rxf7 b1=Q 29. Rxg7+ Kh8 30. Bc1 Rc8 31. Rxh7+ Qxh7 32. Rxh7+ Kxh7
33. Qe4+ Kg7 34. Bg5 Rf8 35. Qb7+ Kg6 36. Bf6 Rxf6 37. exf6 Kxf6 38. Qf3+ Kg7
39. Qg4+ Kf8 40. Qf3+ Ke7 41. Qb7+ Kd6 42. Qb6+ Kd5 43. Qc5+ Ke4 44. Qe5+ Kd3
45. Qe3+ Kc2 46. h4 Qd5 47. Kh2 Ra4 48. Qe2+ Kc3 49. Qe1+ Kc4 50. Qe2+ Kb4 51.
Qb2+ Ka5 52. Qc3+ Kb6 53. Qb2+ Kc7 54. Qc1+ Kd7 0-1